LEADER 00879nam0-22003131i-450- 001 990005560980403321 005 20071211122514.0 035 $a000556098 035 $aFED01000556098 035 $a(Aleph)000556098FED01 035 $a000556098 100 $a19990604d1951----km-y0itay50------ba 101 0 $afre 105 $aa-------00--- 200 1 $a<>Reich allemand au Moyen Age$fJoseph Calmette 210 $aParis$cPayot$d1951 215 $a439 p.$cill.$d23 cm 225 1 $aBibliothèque historique 676 $a943.01 700 1$aCalmette,$bJoseph$f<1873-1952>$0135324 801 0$aIT$bUNINA$gRICA$2UNIMARC 901 $aBK 912 $a990005560980403321 952 $a943.01 CAL 1$bST.MED.MOD. 231$fFLFBC 952 $aSE 037.03.017-$b02123$fDECSE 959 $aFLFBC 959 $aDECSE 996 $aReich allemand au Moyen Age$9606259 997 $aUNINA LEADER 01538nam--2200385---450- 001 990005873420203316 005 20130718115817.0 010 $a978-88-548-4952-5 035 $a000587342 035 $aUSA01000587342 035 $a(ALEPH)000587342USA01 035 $a000587342 100 $a20130718d2012----km-y0itay50------ba 101 $aita 102 $aIT 105 $a||||||||001yy 200 1 $a<> tutela dei soggetti deboli tra diritto internazionale, dell'Unione europea e diritto interno$eseminari di alta formazione internazionale, Imperia, ottobre-novembre 2011$fa cura di Ilaria Queirolo, Alberto Maria Benedetti, Laura Carpaneto$gcontributi di Francesca Bartolini ... [et al.] 210 $aRoma$cAracne$d2012 215 $a656 p.$d24 cm 225 2 $aScritti di diritto privato europeo ed internazionale$f1 410 0$12001$aScritti di diritto privato europeo ed internazionale$v1 606 0 $aDiritti civili [e] Diritti sociali$xTutela$xDiritto comunitario [e] Diritto interno$2BNCF 676 $a342.24085 702 1$aQUEIROLO,$bIlaria 702 1$aBENEDETTI,$bAlberto Maria 702 1$aBARTOLINI,$bFrancesca$f<1982- > 702 1$aCARPANETO,$bLaura 801 0$aIT$bsalbc$gISBD 912 $a990005873420203316 951 $aXXIII.4.B. 294$b77511 G.$cXXIII.4.B.$d00342321 959 $aBK 969 $aGIU 979 $aIANNONE$b90$c20130718$lUSA01$h1158 996 $aTutela dei "soggetti deboli" tra diritto internazionale, dell'Unione europea e diritto interno$9265655 997 $aUNISA